| 000 | 00645nam a2200181Ia 4500 | ||
|---|---|---|---|
| 008 | 100920s9999 xx 000 0 und d | ||
| 082 |
_b97667 _a320 थ 61 |
||
| 100 | _aदेवगिरीकर त्र्यं. र. | ||
| 245 | _aभारतीय राज्यघटना. | ||
| 260 |
_bचित्रशाळा प्रकाशन.पुणे2. _c1961 |
||
| 300 |
_a238 _bसाधी |
||
| 365 | _b5.5 | ||
| 520 | _aराजकारण. | ||
| 630 | _aभारतीय राज्यघटना. | ||
| 650 | _aराजकारण. | ||
| 730 | _aभारतीय राज्यघटना. | ||
| 942 | _cBOOK | ||
| 999 |
_c738105 _d738102 |
||